000 00902nam a2200229 a 4500
003 MX-MxUPN
005 20240313153124.0
008 230602n1920 mx a||||r|||| 000 0 spa d
040 _aMX-MxUPN
_bspa
_cMX-MxUPN
041 0 _aspa
050 1 4 _aLB1573
_bR43 1920
100 1 _aRébsamen, Enrique C.,
_d1857-1904
_928503
245 1 3 _aLa enseñanza de la escritura y lectura en el primer año escolar :
_bguía metodológica para maestros y alumnos normales
250 _aCuarta edición.
260 _aMéxico :
_bSociedad de Edición y de Librería Franco Americana,
_c[1920?]
300 _a185 páginas :
_bilustraciones ;
_c18 cm.
650 4 _aLectura
_xEstudio y enseñanza (Elemental)
_92805
650 4 _aEscritura
_xEstudio y enseñanza (Elemental)
_92804
710 2 _aMuseo Pedagógico Nacional (México)
_951335
_epropietario anterior
902 _aVíctor Ruiz/020623
942 _2lcc
_cLIBRO
999 _c209747
_d209747